000 00514nam a2200181Ia 4500
005 20250326124210.0
008 250326s9999 xx 000 0 und d
037 _aTextbook
040 _aFMSL
_beng
_cFMSL
041 _aeng
_2eng
084 _aX:51(SNI) K4
_qFMSL
100 _aHolloway R J
_9736966
245 0 _aEnvironment of marketing behavior
_cHolloway R J; Hancock R S
260 _aNY
_bNY, John Wiley
_c1964
300 _a352p
942 _cTB
_hX:51(SNI) K4
999 _c1272699
_d1272699